000
00271nam a22000977a 4500
100
_a
Mathew, T.V.
245
_a
Rubber Board @ 75. 7. Statistics, thozhilalikshema vibhagangal
260
_b
Rubber, 692 (January): 2024. 18-21.
650
_a
Rubber Board history
942
_c
JS
999
_c
75192
_d
75192